000 00825nam a2200217 a 4500
008 101223s2004 ||||||||||||||||| || u
020 _a140207686x
050 _aHF 5415.13 Ros
100 _aRoss, David Frederick
245 1 0 _aDistribution planning and control: managing in the era of supply chain management. (2nd ed.)
_cby David Frederick Ross
250 _a2nd ed.
260 _aNew York:
_bSpringer
_c2004
300 _axix, 820p.: ill
350 _a0.00
500 _aIncludes Index
650 _aMARKETING--MANAGEMENT
650 0 _aMARKETING--MANAGEMENT--CASE STUDIES
650 0 _aEXPORT MARKETING
650 _aBUSINESS LOGISTICS
995 _D0.00
_FCBU-MAIN LIBRARY (Kitwe)
_H1
_I0.00
_M1
_UAVAILABLE
_WDec 29, 2010
_ZMain Library Open Access Collection
999 _c40348
_d40348